Statystyki dla Największe aglomeracje w Meksyku

Kliknij tutaj aby rozwiązać quiz!

Ogólne statystyki

  • Ten quiz został rozwiązany 31 razy
  • Średni wynik to 5 z 20

Statystyki odpowiedzi

MiejsceMieszkańcyNazwa% Poprawnych
1.21 804 515Aglomeracja Doliny Meksyku
100%
3.5 268 642Aglomeracja Guadalajarska
66%
2.5 341 171Aglomeracja Monterrey
59%
4.3 199 530Aglomeracja Puebla-Tlaxcala
45%
6.2 157 853Aglomeracja Tijuańska
45%
9.1 512 450Aglomeracja Ciudad Juárez
38%
11.1 316 088Aglomeracja Mérida
38%
7.1 924 771Aglomeracja León
24%
19.988 065Aglomeracja Chihuahua
21%
20.939 046Aglomeracja Veracruz
21%
5.2 353 924Aglomeracja Doliny Toluca
14%
18.988 704Aglomeracja Morelia
14%
13.1 140 916Aglomeracja Aguascalientes
10%
14.1 049 792Aglomeracja Mexicali
10%
8.1 594 212Aglomeracja Querétaro
10%
12.1 243 980Aglomeracja San Luis Potosí
10%
17.1 003 530Aglomeracja Culiacán
7%
15.1 031 779Aglomeracja Saltillo
7%
16.1 028 589Aglomeracja Cuernavaca
3%
10.1 434 283Aglomeracja La Laguna
3%

Rozkład punktacji

Percentyl według liczby udzielonych odpowiedzi

Procent ludzi z każdym wynikiem

Twoja historia wyników

Nie rozwiązałeś tego quizu